College Football Uniforms - Statistics

General Stats
  • This quiz has been taken 95 times
  • The average score is 5 of 12
Answer Stats
Picture Answer % Correct
Ole Miss
92%
Missouri
85%
Kansas State
82%
Vanderbilt
71%
Oklahoma State
61%
Florida
47%
Old Dominion
35%
KSU
23%
UTEP
19%
Furman
15%
MTSU
11%
UT Martin
6%
No matching quizzes found
Score Distribution
Percent of People with Each Score
Percentile by Number Answered
Your Score History
You have not taken this quiz